000 00354nam a2200145Ia 4500
008 130318s9999 xx 000 0 und d
020 _a9780470278710
082 _a658.404 KER/P
100 _aKerzner, Harold
245 _aProject management:Case studies
250 _a3
260 _bWiley
_aU.S.A
_c2009
300 _a681
650 _aPROJECT MANAGEMENT
999 _c2502
_d2502